Kísérletek az alapfrekvencia becslésére mély neuronhálós, ultrahang-alapú némabeszéd-interfészekben

Elmentve itt :
Bibliográfiai részletek
Szerzők: Grósz Tamás
Tóth László
Gosztolya Gábor
Csapó Tamás Gábor
Markó Alexandra
Testületi szerző: Magyar Számítógépes Nyelvészeti Konferencia (14.) (2018) (Szeged)
Dokumentumtípus: Könyv része
Megjelent: 2018
Sorozat:Magyar Számítógépes Nyelvészeti Konferencia 14
Kulcsszavak:Nyelvészet - számítógép alkalmazása
Online Access:http://acta.bibl.u-szeged.hu/59043
LEADER 00961naa a2200241 i 4500
001 acta59043
005 20260224081030.0
008 190702s2018 hu o 100 hun d
020 |a 978-963-306-578-5 
040 |a SZTE Egyetemi Kiadványok Repozitórium  |b hun 
041 |a hun 
100 1 |a Grósz Tamás 
245 1 0 |a Kísérletek az alapfrekvencia becslésére mély neuronhálós, ultrahang-alapú némabeszéd-interfészekben  |h [elektronikus dokumentum] /  |c  Grósz Tamás 
260 |c 2018 
300 |a 169-205 
490 0 |a Magyar Számítógépes Nyelvészeti Konferencia  |v 14 
695 |a Nyelvészet - számítógép alkalmazása 
700 0 1 |a Tóth László  |e aut 
700 0 1 |a Gosztolya Gábor  |e aut 
700 0 1 |a Csapó Tamás Gábor  |e aut 
700 0 1 |a Markó Alexandra  |e aut 
710 |a Magyar Számítógépes Nyelvészeti Konferencia (14.) (2018) (Szeged) 
856 4 0 |u http://acta.bibl.u-szeged.hu/59043/1/msznykonf_014_169-205.pdf  |z Dokumentum-elérés